Hacia una culpabilidad de contención punitiva : a propósito del proceso de tecnificación del discurso penal /

Bibliographic Details
Main Author: Galván Ramos, Marcos (Author)
Format: Electronic eBook
Language:Spanish
Published: Santiago, Chile : Ediciones Olejnik, [2019]
Series:Biblioteca de derecho penal y procesal penal.
Subjects:
Online Access:Digitalia Hispánica

MARC

LEADER 00000nam a2200000Ii 4500
001 DIGOLEJNK0260
003 NyNyDIG
006 m o d
007 cr |||||||||||
008 220527s2019 cl ob 000 0 spa d
035 |a (OCoLC)1335132438 
040 |a DGITA  |b eng  |e rda  |e pn  |c DGITA 
020 |z 9789563924138 
050 1 4 |a K5065 ebook 
100 1 |a Galván Ramos, Marcos,  |e author. 
245 1 0 |a Hacia una culpabilidad de contención punitiva :  |b a propósito del proceso de tecnificación del discurso penal /  |c Marcos Galvan Ramos. 
264 1 |a Santiago, Chile :  |b Ediciones Olejnik,  |c [2019] 
300 |a 1 online resource. 
336 |a text  |b txt  |2 rdacontent 
337 |a computer  |b c  |2 rdamedia 
338 |a online resource  |b cr  |2 rdacarrier 
347 |a text file  |2 rdaft 
347 |b PDF 
490 1 |a Biblioteca de derecho penal y procesal penal 
504 |a Includes bibliographical references. 
588 0 |a Online resource; title from PDF title page (Digitalia, viewed May 27, 2022) 
650 0 |a Guilt (Law) 
650 0 |a Criminal law. 
655 0 |a Electronic books. 
791 2 |a Digitalia (Firm),  |e distributor. 
793 0 |g Digitalia eBook Collection:  |a Ediciones Olejnik 
776 0 8 |i Print version:  |a Galván Ramos, Marcos.  |t Hacia una culpabilidad de contención punitiva.  |b Primera edición en Ediciones Olejnik.  |d Santiago, Chile : Ediciones Olejnik, 2019  |z 9789563924138 
830 0 |a Biblioteca de derecho penal y procesal penal. 
856 4 0 |3 Digitalia Hispánica  |u https://www.digitaliapublishing.com/a/104587/ 
910 |a Premium collection: 2022